Erlkönig Text - Statistiken

Allgemein
  • Dieses Quiz wurde 138 mal gespielt
  • Das Durchschnittsergebnis liegt bei 134 aus 226
Antwortstatistiken
Antwort % Korrekt
1 | 2 | 6 | 7 so
98%
3 Du
96%
2 | 4 | 5 | +2 others du
96%
1 Wer
96%
1 | 4 der
95%
1 | 4 Kind;
95%
3 | 8 Kind,
95%
8 Kind
95%
1 Nacht
95%
1 | 8 reitet
95%
1 Wind?
95%
4 Wind.
95%
1 durch
94%
1 | 2 | 3 | +2 others mit
94%
4 Sei
94%
1 | 8 Vater
94%
2 | 4 | 6 | 7 Vater,
94%
1 | 6 Es
93%
2 | 6 es
93%
1 | 2 ist
93%
1 | 2 | 4 | +3 others und
93%
5 | 7 Und
93%
1 seinem
91%
1 spät
91%
1 | 8 Er
88%
1 | 7 | 8 er
88%
1 | 8 hält
84%
8 war
84%
1 Arm,
79%
1 | 8 in
76%
4 | 8 In
76%
2 nicht?
76%
4 nicht,
76%
6 | 7 nicht
76%
1 warm.
74%
1 | 2 | 5 | 8 den
73%
2 Den
73%
5 Knabe,
70%
8 das
69%
2 | 7 Erlkönig
69%
1 ihn
68%
2 Mein
66%
2 | 4 | 6 | 7 Mein
66%
4 | 6 | 7 mein
66%
1 sicher,
66%
8 tot.
65%
2 Siehst,
65%
6 siehst
65%
1 | 3 dem
60%
8 Dem
60%
8 seinen
60%
2 | 6 Sohn,
60%
8 Armen
59%
1 Knaben
59%
1 | 3 | 7 hat
56%
3 mir!
56%
4 | 5 | 7 mir
56%
2 was
56%
4 Was
56%
5 schön;
54%
2 | 7 ein
53%
5 ein.
53%
1 wohl
53%
3 an
51%
7 an!
51%
3 | 6 | 7 ich
51%
7 Ich
51%
3 | 7 schöne
51%
1 | 7 fasst
49%
3 geh
49%
2 dein
48%
3 komm
46%
6 die
45%
2 Gesicht?
45%
2 bang
44%
3 dir;
44%
7 liebe
43%
2 Schweif?
43%
2 birgst
39%
7 bist
39%
8 geschwind,
39%
4 hörest
39%
3 spiel'
39%
5 | 6 Töchter
39%
7 mich
38%
4 verspricht?
38%
2 | 4 Erlenkönig
36%
2 Nebelstreif.
36%
4 ruhig,
36%
5 dich
35%
7 dich,
35%
3 Spiele
35%
2 Kron'
34%
4 leise
34%
3 liebes
34%
4 Blättern
33%
8 Hof
33%
8 Not;
33%
6 seh'
33%
8 Erreicht
31%
7 jetzt
31%
3 | 5 Meine
31%
7 willig,
31%
7 brauch'
30%
7 getan.
30%
7 Gewalt.
30%
3 Gewand.
30%
8 Mühe
30%
6 am
29%
6 dort
29%
3 Gar
29%
4 säuselt
29%
4 bleibe
28%
5 gehn?
28%
6 genau:
28%
6 grau.
28%
5 Willst,
28%
4 dürren
26%
7 deine
25%
7 Gestalt;
25%
3 Manch’
25%
3 manch
25%
6 Ort?
25%
6 alten
24%
6 Erlkönigs
24%
7 Leids
24%
3 Mutter
24%
6 scheinen
24%
8 ächzende
23%
5 feiner
23%
3 gülden
23%
6 Weiden
23%
3 sind
20%
5 sollen
20%
7 reizt
19%
5 singen
19%
5 warten
19%
5 tanzen
18%
3 Blumen
16%
5 nächtlichen
15%
3 Strand,
15%
3 bunte
14%
6 düstern
13%
8 grauset's,
13%
5 Reihn
13%
5 wiegen
13%
5 führen
11%
Keine übereinstimmenden Quizze gefunden
Verteilung der Resultate
Anzahl Personen mit jedem Resultat
Perzentil nach korrekt beantworteten Fragen
Ihre Resultats-Entwicklung
Sie haben dieses Quiz noch nicht gespielt